000 00871nam a2200229Ii 4500
003 JO-AjNU
008 230605s9999||||xx |||||||||||||| ||und||
017 _a2008/14915
020 _a978-977-04-5708-5
040 _aJO-AjNU
_bara
_erda
_cJO-AjNU
041 _aara
050 1 4 _aK7040.S35.2008
100 3 _a سلامة ، احمد عبد الكريم ,
_eauthor
_932404
245 0 0 _aالقانون الدولي الخاص : الجنسية والموطن ومعاملة الأجانب والتنازع الدولى للقوانين والمرافعات المدنية الدولية
250 _aط1
264 3 1 _aالقاهرة : دار النهضة العربية ، 2008
300 _a1188ص
336 _atext
_btxt
_2rdacontent
337 _aunmediated
_bn
_2rdamedia
338 _avolume
_bnc
_2rdacarrier
650 4 _aقانون دولي خاص
_932405
999 _aA13077
_c16645
_d16645